Best Picture Nominees 1927-1999 - Statistics

General Stats
  • This quiz has been taken 275 times
  • The average score is 233 of 420
Answer Stats
Year Film % Correct
1997 Titanic
92%
1939 Gone with the Wind
90%
1959 Ben-Hur
88%
1943 Casablanca
88%
1941 How Green Was My Valley
85%
1962 Lawrence of Arabia
85%
1955 Marty
85%
1972 The Godfather
85%
1974 The Godfather Part II
85%
1990 The Godfather Part III
85%
1957 The Bridge on the River Kwai
83%
1927 Wings
83%
1957 12 Angry Men
81%
1950 All About Eve
81%
1956 Around the World in 80 Days
81%
1989 Driving Miss Daisy
81%
1994 Forrest Gump
81%
1948 Hamlet
81%
1954 On the Waterfront
81%
1977 Star Wars
81%
1983 Terms of Endearment
81%
1960 The Apartment
81%
1978 The Deer Hunter
81%
1965 The Sound of Music
81%
1984 Amadeus
79%
1975 One Flew Over the Cuckoo's Nest
79%
1985 Out of Africa
79%
1981 Raiders of the Lost Ark
79%
1961 West Side Story
79%
1999 American Beauty
77%
1958 Gigi
77%
1944 Going My Way
77%
1990 Goodfellas
77%
1934 It Happened One Night
77%
1979 Kramer vs. Kramer
77%
1986 Platoon
77%
1988 Rain Man
77%
1946 The Best Years of Our Lives
77%
1971 The French Connection
77%
1945 The Lost Weekend
77%
1973 The Sting
77%
1963 Tom Jones
77%
1981 Chariots of Fire
75%
1931 Cimarron
75%
1990 Dances with Wolves
75%
1932 Grand Hotel
75%
1975 Jaws
75%
1969 Midnight Cowboy
75%
1964 My Fair Lady
75%
1968 Oliver!
75%
1980 Ordinary People
75%
1970 Patton
75%
1940 Rebecca
75%
1998 Saving Private Ryan
75%
1976 Taxi Driver
75%
1929 The Broadway Melody of 1929
75%
1935 The Broadway Melody of 1936
75%
1952 The Greatest Show on Earth
75%
1992 Unforgiven
75%
1930 All Quiet on the Western Front
73%
1966 A Man for All Seasons
73%
1951 An American In Paris
73%
1977 Annie Hall
73%
1941 Citizen Kane
73%
1953 From Here to Eternity
73%
1982 Gandhi
73%
1947 Gentleman's Agreement
73%
1967 In The Heat of the Night
73%
1942 Mrs. Miniver
73%
1976 Rocky
73%
1993 Schindler's List
73%
1998 Shakespeare in Love
73%
1950 Sunset Boulevard
73%
1991 The Silence of the Lambs
73%
1939 The Wizard of Oz
73%
1938 You Can't Take It With You
73%
1949 All the King's Men
71%
1967 Bonnie and Clyde
71%
1933 Cavalcade
71%
1982 E.T. the Extra-Terrestrial
71%
1996 The English Patient
71%
1940 The Grapes of Wrath
71%
1987 The Last Emperor
71%
1941 The Maltese Falcon
71%
1940 The Philadelphia Story
71%
1985 Witness
71%
1979 Apocalypse Now
69%
1995 Braveheart
69%
1974 Chinatown
69%
1935 | 1962 Mutiny on the Bounty
69%
1976 Network
69%
1994 Pulp Fiction
69%
1999 The Sixth Sense
69%
1995 Apollo 13
67%
1951 A Streetcar Named Desire
67%
1958 Cat on a Hot Tin Roof
67%
1964 Dr. Strangelove or: How I Learned to Stop Worrying and Love the Bomb
67%
1956 Giant
67%
1946 It's A Wonderful Life
67%
1975 Nashville
67%
1980 Raging Bull
67%
1967 The Graduate
67%
1994 The Shawshank Redemption
67%
1962 To Kill A Mockingbird
67%
1944 Double Indemnity
65%
1952 High Noon
65%
1998 Life Is Beautiful
65%
1981 On Golden Pond
65%
1953 Roman Holiday
65%
1940 The Great Dictator
65%
1961 The Hustler
65%
1956 The King and I
65%
1956 The Ten Commandments
65%
1966 Who's Afraid of Virginia Woolf?
65%
1976 All the President's Men
63%
1973 American Graffiti
63%
1995 Babe
63%
1975 Barry Lyndon
63%
1969 Butch Cassidy and the Sundance Kid
63%
1972 Cabaret
63%
1934 | 1963 Cleopatra
63%
1978 Coming Home
63%
1965 Doctor Zhivago
63%
1996 Fargo
63%
1943 | 1978 Heaven Can Wait
63%
1996 Jerry Maguire
63%
1964 Mary Poppins
63%
1936 | 1968 Romeo and Juliet
63%
1995 Sense and Sensibility
63%
1999 The Green Mile
63%
1937 The Life of Emile Zola
63%
1969 Z
63%
1971 A Clockwork Orange
60%
1959 Anatomy of a Murder
60%
1991 Beauty and the Beast
60%
1998 Elizabeth
60%
1960 Elmer Gantry
60%
1944 Gaslight
60%
1997 Good Will Hunting
60%
1991 JFK
60%
1939 Mr. Smith Goes to Washington
60%
1983 Tender Mercies
60%
1999 The Cider House Rules
60%
1936 The Great Ziegfeld
60%
1948 The Treasure of the Sierra Madre
60%
1992 A Few Good Men
58%
1979 All That Jazz
58%
1997 As Good as It Gets
58%
1989 Born on the Fourth of July
58%
1950 Born Yesterday
58%
1975 Dog Day Afternoon
58%
1961 Judgment at Nuremberg
58%
1945 Mildred Pierce
58%
1989 My Left Foot
58%
1981 Reds
58%
1958 Separate Tables
58%
1953 Shane
58%
1945 The Bells of St. Mary's
58%
1985 The Color Purple
58%
1974 The Conversation
58%
1954 The Country Girl
58%
1958 The Defiant Ones
58%
1980 The Elephant Man
58%
1999 The Insider
58%
1993 The Piano
58%
1952 The Quiet Man
58%
1939 Wuthering Heights
58%
1963 America America
56%
1951 A Place in the Sun
56%
1937 A Star Is Born
56%
1980 Coal Miner's Daughter
56%
1939 Dark Victory
56%
1972 Deliverance
56%
1987 Fatal Attraction
56%
1990 Ghost
56%
1967 Guess Who's Coming to Dinner
56%
1963 How The West Was Won
56%
1938 Jezebel
56%
1985 Kiss of the Spider Woman
56%
1947 Miracle on 34th Street
56%
1979 Norma Rae
56%
1994 Quiz Show
56%
1959 The Diary of Anne Frank
56%
1940 The Letter
56%
1968 The Lion In Winter
56%
1995 The Postman (Il Postino)
56%
1991 The Prince of Tides
56%
1998 The Thin Red Line
56%
1974 The Towering Inferno
56%
1946 The Yearling
56%
1982 Tootsie
56%
1957 Witness for the Prosecution
56%
1988 Dangerous Liaisons
54%
1965 Darling
54%
1970 Five Easy Pieces
54%
1968 Funny Girl
54%
1939 Goodbye, Mr. Chips
54%
1946 Henry V
54%
1992 Howards End
54%
1948 Johnny Belinda
54%
1953 Julius Caesar
54%
1997 L.A. Confidential
54%
1963 Lilies of the Field
54%
1970 M*A*S*H
54%
1955 Mister Roberts
54%
1987 Moonstruck
54%
1959 Room at the Top
54%
1996 Shine
54%
1939 Stagecoach
54%
1960 The Alamo
54%
1983 The Big Chill
54%
1973 The Exorcist
54%
1977 The Goodbye Girl
54%
1937 The Good Earth
54%
1949 The Heiress
54%
1971 The Last Picture Show
54%
1941 The Little Foxes
54%
1953 The Robe
54%
1943 The Song of Bernadette
54%
1982 The Verdict
54%
1949 A Letter to Three Wives
52%
1990 Awakenings
52%
1938 Boys Town
52%
1979 Breaking Away
52%
1986 Children of a Lesser God
52%
1967 Doctor Dolittle
52%
1989 Field of Dreams
52%
1943 For Whom the Bell Tolls
52%
1994 Four Weddings and a Funeral
52%
1986 Hannah and Her Sisters
52%
1977 Julia
52%
1957 Peyton Place
52%
1957 Sayonara
52%
1992 Scent of a Woman
52%
1941 Suspicion
52%
1993 The Fugitive
52%
1962 The Music Man
52%
1959 The Nun's Story
52%
1942 The Pride of the Yankees
52%
1955 The Rose Tattoo
52%
1966 The Russians Are Coming, the Russians Are Coming
52%
1970 Airport
50%
1987 Broadcast News
50%
1991 Bugsy
50%
1937 Captains Courageous
50%
1989 Dead Poets Society
50%
1971 Fiddler on the Roof
50%
1969 Hello, Dolly!
50%
1993 In the Name of the Father
50%
1940 Kitty Foyle
50%
1938 Pygmalion
50%
1951 Quo Vadis
50%
1954 Seven Brides for Seven Brothers
50%
1945 Spellbound
50%
1937 The Awful Truth
50%
1954 The Caine Mutiny
50%
1997 The Full Monty
50%
1961 The Guns of Navarone
50%
1984 The Killing Fields
50%
1942 The Magnificent Ambersons
50%
1943 The More the Merrier
50%
1948 The Red Shoes
50%
1960 The Sundowners
50%
1934 The Thin Man
50%
1942 Yankee Doodle Dandy
50%
1969 Anne of the Thousand Days
48%
1981 Atlantic City
48%
1973 A Touch of Class
48%
1964 Becket
48%
1961 Fanny
48%
1950 Father of the Bride
48%
1947 Great Expectations
48%
1974 Lenny
48%
1943 Madame Curie
48%
1982 Missing
48%
1936 Mr. Deeds Goes to Town
48%
1939 Ninotchka
48%
1939 Of Mice and Men
48%
1955 Picnic
48%
1941 Sergeant York
48%
1960 Sons and Lovers
48%
1980 Tess
48%
1947 The Bishop's Wife
48%
1992 The Crying Game
48%
1962 The Longest Day
48%
1943 The Ox-Bow Incident
48%
1993 The Remains of the Day
48%
1983 The Right Stuff
48%
1936 The Story of Louis Pasteur
48%
1977 The Turning Point
48%
1954 Three Coins in the Fountain
48%
1949 Twelve O'Clock High
48%
1943 Watch on the Rhine
48%
1944 Wilson
48%
1964 Zorba the Greek
48%
1938 Alexander's Ragtime Band
46%
1935 Alice Adams
46%
1940 All This, And Heaven Too
46%
1935 A Midsummer Night's Dream
46%
1978 An Unmarried Woman
46%
1965 A Thousand Clowns
46%
1958 Auntie Mame
46%
1973 Cries and Whispers
46%
1936 Dodsworth
46%
1955 Love Is a Many-Splendored Thing
46%
1970 Love Story
46%
1952 Moulin Rouge
46%
1971 Nicholas and Alexandra
46%
1942 Random Harvest
46%
1965 Ship of Fools
46%
1938 Test Pilot
46%
1988 The Accidental Tourist
46%
1938 The Adventures of Robin Hood
46%
1983 The Dresser
46%
1934 The Gay Divorcee
46%
1943 The Human Comedy
46%
1948 The Snake Pit
46%
1934 The White Parade
46%
1988 Working Girl
46%
1927 7th Heaven
44%
1945 Anchors Aweigh
44%
1984 A Passage to India
44%
1936 A Tale of Two Cities
44%
1941 Blossoms in the Dust
44%
1976 Bound for Glory
44%
1935 Captain Blood
44%
1935 David Copperfield
44%
1951 Decision Before Dawn
44%
1937 In Old Chicago
44%
1952 Ivanhoe
44%
1950 King Solomon's Mines
44%
1933 Little Women
44%
1941 One Foot in Heaven
44%
1937 One Hundred Men and a Girl
44%
1940 Our Town
44%
1984 Places in the Heart
44%
1985 Prizzi's Honor
44%
1968 Rachel, Rachel
44%
1996 Secrets & Lies
44%
1944 Since You Went Away
44%
1972 Sounder
44%
1935 The Informer
44%
1940 The Long Voyage Home
44%
1986 The Mission
44%
1966 The Sand Pebbles
44%
1935 Top Hat
44%
1942 Wake Island
44%
1986 A Room with a View
42%
1940 Foreign Correspondent
42%
1938 Grand Illusion
42%
1941 Here Comes Mr. Jordan
42%
1934 Imitation of Life
42%
1943 In Which We Serve
42%
1942 Kings Row
42%
1937 Lost Horizon
42%
1939 Love Affair
42%
1978 Midnight Express
42%
1934 One Night of Love
42%
1937 Stage Door
42%
1972 The Emigrants
42%
1942 The Pied Piper
42%
1946 The Razor's Edge
42%
1942 The Talk of the Town
42%
1966 Alfie
40%
1984 A Soldier's Story
40%
1949 Battleground
40%
1947 Crossfire
40%
1938 Four Daughters
40%
1956 Friendly Persuasion
40%
1941 Hold Back the Dawn
40%
1987 Hope and Glory
40%
1988 Mississippi Burning
40%
1935 Ruggles of Red Gap
40%
1934 The Barretts of Wimpole Street
40%
1938 The Citadel
40%
1934 Viva Villa!
40%
1942 49th Parallel
38%
1936 Anthony Adverse
38%
1937 Dead End
38%
1934 Here Comes the Navy
38%
1935 Les Miserables
38%
1931 The Champ
38%
1930 The Divorcee
38%
1935 The Lives of a Bengal Lancer
38%
1936 Three Smart Girls
38%
1929 Disraeli
35%
1934 Flirtation Walk
35%
1936 Libeled Lady
35%
1935 Naughty Marietta
35%
1933 The Private Life of Henry VIII
35%
1929 Alibi
33%
1928 In Old Arizona
33%
1933 42nd Street
31%
1931 Bad Girl
31%
1936 San Francisco
31%
1932 Shanghai Express
31%
1934 The House of Rothschild
31%
1928 The Racket
31%
1931 Arrowsmith
29%
1929 Hollywood Revue
29%
1933 Lady for a Day
29%
1932 Smilin' Through
29%
1930 The Big House
29%
1931 The Smiling Lieutenant
29%
1932 I Am a Fugitive from a Chain Gang
27%
1932 One Hour With You
27%
1931 Skippy
27%
1931 The Front Page
27%
1929 The Love Parade
27%
1928 The Patriot
27%
1931 Five Star Final
25%
1933 State Fair
25%
1931 East Lynne
23%
1932 A Farewell to Arms
21%
1933 She Done Him Wrong
21%
1931 Trader Horn
21%
No matching quizzes found
Score Distribution
Percent of People with Each Score
Percentile by Number Answered
Your Score History
You have not taken this quiz